000
00316pam a2200145 a 4500
020
_c
041
_a
eng
082
_b
LAL
100
_a
Lal kishon .
245
_a
Human resource mangment
_h
Textual Documents
250
_a
2009.
260
_a
dehli :
_b
Avinash paperbacks .
300
_a
308 pg .
930
_a
1080
999
_c
78005
_d
78005